000 00616nam a2200181 4500
003 OSt
005 20240619122006.0
008 240619b |||||||| |||| 00| 0 eng d
040 _aDDC
_cMUST
082 _222
_a536.5027 CHI 2001
100 _aChids Peter R.N.
_917517
245 _aPractical Temperature Measurement
_cPeter R.N. Childs
260 _aOxford
_bButterworth-Heinemann
_cc2001
300 _axi,372p.:
_bill;
_c24cm
504 _a includes bibliographical references and indexes
650 _aPhysics
_9809
942 _2ddc
_cO_SHELF
999 _c8660
_d8660